000 nam a22 7a 4500
999 _c7626
_d7626
008 170923b xxu||||| |||| 00| 0 eng d
100 _94128
_aRastogi.J.P.
245 _aAPC Functional English-XII
260 _aNew Delhi
_bAP
_c2009